Every Named Avatar - Statistics

General Stats
  • This quiz has been taken 75 times
  • The average score is 7 of 9
Answer Stats
Native element and lifespan Answer % Correct
Air; 12 BG - 153 AG Aang
100%
Water; 153 AG - Unknown Korra
100%
Fire; 82 BG - 12 BG Roku
98%
Earth; 312 BG - 82 BG Kyoshi
97%
Air; Unknown - 345 BG Yangchen
78%
Non-bender, initially granted firebending; 9850 BG - Unknown Wan
75%
Water; 345 BG - 312 BG Kuruk
73%
Fire; Unknown Szeto
37%
Unknown; Unknown Salai
22%
No matching quizzes found
Score Distribution
Percent of People with Each Score
Percentile by Number Answered
Your Score History
You have not taken this quiz